[Event "European Women's Championship"]
[Site "Vysoke Tatry"]
[Date "2018.04.08"]
[Round "1"]
[White "Arda, Cagil Irmak"]
[Black "Shvayger, Yuliya"]
[Result "1/2-1/2"]
[Board "31"]
[WhiteElo "2199"]
[WhiteTitle "WFM"]
[WhiteCountry "TUR"]
[WhiteFideId "6351700"]
[WhiteEloChange "5"]
[BlackElo "2404"]
[BlackTitle "IM"]
[BlackCountry "ISR"]
[BlackFideId "14100126"]
[BlackEloChange "-3"]

1. e4 {[%clk 1:30:39]} e6 {[%clk 1:30:51]} 2. d4 {[%clk 1:30:57]} d5 {[%clk
1:31:05]} 3. Nd2 {[%clk 1:31:12]} c5 {[%clk 1:31:02]} 4. exd5 {[%clk 1:31:09]}
Qxd5 {[%clk 1:31:13]} 5. Ngf3 {[%clk 1:31:30]} cxd4 {[%clk 1:31:08]} 6. Bc4
{[%clk 1:31:46]} Qd6 {[%clk 1:31:06]} 7. O-O {[%clk 1:31:48]} Nf6 {[%clk
1:30:59]} 8. Nb3 {[%clk 1:31:39]} Nc6 {[%clk 1:31:19]} 9. Nbxd4 {[%clk 1:31:41]}
Nxd4 {[%clk 1:31:17]} 10. Nxd4 {[%clk 1:31:56]} Be7 {[%clk 1:31:32]} 11. Re1
{[%clk 1:23:48]} O-O {[%clk 1:31:35]} 12. c3 {[%clk 1:19:16]} Bd7 {[%clk
1:31:51]} 13. Qf3 {[%clk 1:15:53]} Qc7 {[%clk 1:31:54]} 14. Bf1 {[%clk 1:12:20]}
Qb6 {[%clk 1:24:39]} 15. a4 {[%clk 1:00:44]} a5 {[%clk 1:24:01]} 16. Bg5 {[%clk
0:53:46]} Rfd8 {[%clk 1:01:12]} 17. Bb5 {[%clk 0:47:47]} Nd5 {[%clk 0:47:23]} 18.
Bxe7 {[%clk 0:39:02]} Nxe7 {[%clk 0:47:50]} 19. Rad1 {[%clk 0:38:13]} Bc6 {[%clk
0:43:26]} 20. Qh5 {[%clk 0:32:34]} Ng6 {[%clk 0:38:58]} 21. Bxc6 {[%clk 0:24:37]}
bxc6 {[%clk 0:39:19]} 22. Qe2 {[%clk 0:24:17]} Rd5 {[%clk 0:37:33]} 23. g3 {[%clk
0:17:12]} Rad8 {[%clk 0:37:22]} 24. Nf3 {[%clk 0:15:51]} h6 {[%clk 0:33:14]} 25.
Rxd5 {[%clk 0:12:47]} cxd5 {[%clk 0:27:30]} 26. h4 {[%clk 0:06:26]} Rb8 {[%clk
0:27:03]} 27. Rb1 {[%clk 0:06:13]} Qb3 {[%clk 0:26:18]} 28. h5 {[%clk 0:06:08]}
Nf8 {[%clk 0:25:26]} 29. Qe5 {[%clk 0:05:25]} Rc8 {[%clk 0:23:04]} 30. Qd4 {[%clk
0:04:47]} Rc4 {[%clk 0:13:25]} 31. Qa7 {[%clk 0:03:52]} Qc2 {[%clk 0:12:40]} 32.
Re1 {[%clk 0:02:46]} Rxa4 {[%clk 0:08:50]} 33. Ne5 {[%clk 0:02:27]} Qf5 {[%clk
0:09:14]} 34. b4 {[%clk 0:01:50]} Ra2 {[%clk 0:08:58]} 35. bxa5 {[%clk 0:01:24]}
f6 {[%clk 0:07:33]} 36. Nc6 {[%clk 0:00:37]} Qxh5 {[%clk 0:06:49]} 37. Nb4 {[%clk
0:00:37]} Ra3 {[%clk 0:05:51]} 38. Qc5 {[%clk 0:00:31]} Qf3 {[%clk 0:04:20]} 39.
Nxd5 {[%clk 0:00:42]} Rb3 {[%clk 0:03:46]} 40. Ne3 {[%clk 0:30:40]} Rb2 {[%clk
0:32:35]} 41. Rf1 {[%clk 0:23:49]} Ra2 {[%clk 0:32:47]} 42. Qb4 {[%clk 0:22:26]}
h5 {[%clk 0:26:37]} 43. Qb5 {[%clk 0:15:36]} f5 {[%clk 0:15:39]} 44. Ng2 {[%clk
0:06:28]} Qxc3 {[%clk 0:15:14]} 45. Nf4 {[%clk 0:05:37]} h4 {[%clk 0:07:32]} 46.
gxh4 {[%clk 0:03:30]} Rxa5 {[%clk 0:07:32]} 47. Qe8 {[%clk 0:03:25]} Qf3 {[%clk
0:06:59]} 48. Nxe6 {[%clk 0:03:07]} Qg4+ {[%clk 0:04:50]} 49. Kh2 {[%clk
0:03:26]} Qxh4+ {[%clk 0:05:12]} 50. Kg1 {[%clk 0:03:49]} Qf6 {[%clk 0:04:24]}
51. Qxf8+ {[%clk 0:03:31]} Qxf8 {[%clk 0:04:47]} 52. Nxf8 {[%clk 0:03:59]} Kxf8
{[%clk 0:05:10]} 53. Kg2 {[%clk 0:04:24]} Kf7 {[%clk 0:05:33]} 54. Rc1 {[%clk
0:04:41]} Kf6 {[%clk 0:05:38]} 55. Rc7 {[%clk 0:04:51]} Ra2 {[%clk 0:04:53]} 56.
Kg3 {[%clk 0:04:37]} Ra3+ {[%clk 0:05:03]} 57. Kg2 {[%clk 0:04:18]} Kg6 {[%clk
0:05:24]} 58. Rb7 {[%clk 0:02:28]} Kh6 {[%clk 0:05:47]} 59. Rc7 {[%clk 0:01:43]}
g6 {[%clk 0:06:10]} 60. Rc6 {[%clk 0:01:26]} Kh5 {[%clk 0:06:37]} 61. Rb6 {[%clk
0:01:10]} g5 {[%clk 0:06:47]} 62. Rb5 {[%clk 0:01:13]} f4 {[%clk 0:05:39]} 63.
Rc5 {[%clk 0:00:43]} Kh4 {[%clk 0:03:37]} 64. Rc4 {[%clk 0:00:59]} Ra6 {[%clk
0:03:32]} 65. Rb4 {[%clk 0:00:39]} Rf6 {[%clk 0:03:53]} 66. Rb8 {[%clk 0:00:43]}
f3+ {[%clk 0:03:28]} 67. Kh2 {[%clk 0:01:01]} Re6 {[%clk 0:03:53]} 68. Rb4+
{[%clk 0:00:59]} g4 {[%clk 0:03:42]} 69. Rb8 {[%clk 0:00:50]} Rh6 {[%clk
0:03:50]} 70. Rg8 {[%clk 0:00:55]} Rh7 {[%clk 0:03:57]} 71. Rg6 {[%clk 0:00:52]}
Rc7 {[%clk 0:04:11]} 72. Rg8 {[%clk 0:00:47]} Rc5 {[%clk 0:02:33]} 73. Rh8+
{[%clk 0:00:59]} Rh5 {[%clk 0:02:57]} 74. Rg8 {[%clk 0:01:23]} Rh6 {[%clk
0:03:13]} 75. Rg7 {[%clk 0:01:38]} Rh8 {[%clk 0:03:41]} 76. Rg6 {[%clk 0:01:19]}
Rc8 {[%clk 0:04:03]} 77. Rg7 {[%clk 0:01:15]} Rc1 {[%clk 0:04:00]} 78. Rh7+
{[%clk 0:01:36]} Kg5 {[%clk 0:04:28]} 79. Rg7+ {[%clk 0:00:59]} Kf5 {[%clk
0:04:25]} 80. Rf7+ {[%clk 0:01:06]} Kg6 {[%clk 0:04:29]} 81. Rf8 {[%clk 0:00:52]}
Kg5 {[%clk 0:02:47]} 82. Rg8+ {[%clk 0:00:59]} Kf4 {[%clk 0:03:15]} 83. Rf8+
{[%clk 0:01:23]} Ke4 {[%clk 0:03:13]} 84. Rg8 {[%clk 0:01:21]} Kd3 {[%clk
0:03:23]} 85. Rxg4 {[%clk 0:00:38]} Ke2 {[%clk 0:03:51]} 86. Ra4 {[%clk 0:00:59]}
Kxf2 {[%clk 0:03:26]} 87. Ra2+ {[%clk 0:01:26]} Ke3 {[%clk 0:02:14]} 88. Ra3+
{[%clk 0:01:52]} Ke2 {[%clk 0:02:12]} 89. Ra2+ {[%clk 0:02:18]} Ke1 {[%clk
0:02:36]} 90. Kg3 {[%clk 0:02:30]} Rc3 {[%clk 0:02:58]} 91. Rf2 {[%clk 0:02:52]}
Kd1 {[%clk 0:03:17]} 92. Rxf3 {[%clk 0:03:17]} Rxf3+ {[%clk 0:03:43]} 93. Kxf3
{[%clk 0:03:44]} 1/2-1/2

[Event "European Women's Championship"]
[Site "Vysoke Tatry"]
[Date "2018.04.08"]
[Round "1"]
[White "Mkrtchian, Lilit"]
[Black "Ptacnikova, Lenka"]
[Result "1/2-1/2"]
[Board "32"]
[WhiteElo "2403"]
[WhiteTitle "IM"]
[WhiteCountry "ARM"]
[WhiteFideId "13300601"]
[WhiteEloChange "-3"]
[BlackElo "2198"]
[BlackTitle "WGM"]
[BlackCountry "ISL"]
[BlackFideId "305650"]
[BlackEloChange "5"]

1. Nf3 {[%clk 1:30:33]} d5 {[%clk 1:29:54]} 2. e3 {[%clk 1:29:37]} Nf6 {[%clk
1:28:58]} 3. c4 {[%clk 1:28:48]} e6 {[%clk 1:28:52]} 4. b3 {[%clk 1:28:07]} Be7
{[%clk 1:29:02]} 5. Bb2 {[%clk 1:28:22]} O-O {[%clk 1:29:12]} 6. Nc3 {[%clk
1:28:36]} b6 {[%clk 1:23:39]} 7. d4 {[%clk 1:21:33]} Bb7 {[%clk 1:20:20]} 8. Bd3
{[%clk 1:21:55]} dxc4 {[%clk 1:18:41]} 9. bxc4 {[%clk 1:22:19]} c5 {[%clk
1:13:25]} 10. O-O {[%clk 1:21:29]} cxd4 {[%clk 1:12:03]} 11. exd4 {[%clk
1:21:40]} Nc6 {[%clk 1:11:53]} 12. Qe2 {[%clk 1:18:50]} Nb4 {[%clk 1:02:27]} 13.
Rfd1 {[%clk 0:41:14]} Nxd3 {[%clk 1:02:11]} 14. Rxd3 {[%clk 0:41:16]} Ba6 {[%clk
0:55:24]} 15. Nb5 {[%clk 0:35:45]} Bxb5 {[%clk 0:47:37]} 16. cxb5 {[%clk
0:36:03]} a6 {[%clk 0:47:34]} 17. Rb3 {[%clk 0:33:44]} axb5 {[%clk 0:41:05]} 18.
Qxb5 {[%clk 0:33:50]} Nd5 {[%clk 0:41:05]} 19. Ne5 {[%clk 0:33:23]} Ra5 {[%clk
0:33:06]} 20. Qc6 {[%clk 0:24:10]} Qa8 {[%clk 0:25:43]} 21. a3 {[%clk 0:22:10]}
Rc8 {[%clk 0:24:03]} 22. Qxa8 {[%clk 0:22:09]} Raxa8 {[%clk 0:24:26]} 23. Kf1
{[%clk 0:17:07]} h5 {[%clk 0:20:43]} 24. Rc1 {[%clk 0:13:15]} Rxc1+ {[%clk
0:20:30]} 25. Bxc1 {[%clk 0:13:41]} Rc8 {[%clk 0:19:55]} 26. Bb2 {[%clk 0:13:19]}
Rc2 {[%clk 0:18:45]} 27. g3 {[%clk 0:11:01]} g5 {[%clk 0:14:22]} 28. h3 {[%clk
0:09:24]} Kg7 {[%clk 0:13:58]} 29. Ke1 {[%clk 0:08:59]} Bd6 {[%clk 0:12:06]} 30.
Nf3 {[%clk 0:08:32]} f6 {[%clk 0:11:37]} 31. Nd2 {[%clk 0:08:45]} Kg6 {[%clk
0:11:00]} 32. Kd1 {[%clk 0:09:00]} Rc8 {[%clk 0:11:09]} 33. Ne4 {[%clk 0:06:24]}
Bc7 {[%clk 0:07:35]} 34. Nc3 {[%clk 0:03:38]} Ne7 {[%clk 0:05:28]} 35. Nb5 {[%clk
0:03:24]} Bb8 {[%clk 0:05:48]} 36. Nc3 {[%clk 0:02:02]} Bc7 {[%clk 0:06:00]} 37.
Nb5 {[%clk 0:02:24]} Bb8 {[%clk 0:06:22]} 38. Nc3 {[%clk 0:01:37]} Bc7 {[%clk
0:05:33]} 1/2-1/2

[Event "European Women's Championship"]
[Site "Vysoke Tatry"]
[Date "2018.04.08"]
[Round "1"]
[White "Chernyak, Viktoria"]
[Black "Szczepkowska, Karina"]
[Result "0-1"]
[Board "33"]
[WhiteElo "2196"]
[WhiteTitle "WFM"]
[WhiteCountry "RUS"]
[WhiteFideId "24165956"]
[WhiteEloChange "-5"]
[BlackElo "2403"]
[BlackTitle "IM"]
[BlackCountry "POL"]
[BlackFideId "1122681"]
[BlackEloChange "2"]

1. Nf3 {[%clk 1:30:58]} Nf6 {[%clk 1:30:51]} 2. c4 {[%clk 1:31:23]} e6 {[%clk
1:31:08]} 3. Nc3 {[%clk 1:31:38]} d5 {[%clk 1:29:53]} 4. d4 {[%clk 1:31:37]} c5
{[%clk 1:26:47]} 5. cxd5 {[%clk 1:28:13]} exd5 {[%clk 1:25:31]} 6. Bg5 {[%clk
1:26:51]} Be6 {[%clk 1:19:35]} 7. dxc5 {[%clk 1:25:03]} Bxc5 {[%clk 1:18:12]} 8.
e3 {[%clk 1:23:53]} O-O {[%clk 1:15:42]} 9. Bd3 {[%clk 1:19:49]} Nc6 {[%clk
1:14:46]} 10. O-O {[%clk 1:20:04]} h6 {[%clk 1:13:56]} 11. Bh4 {[%clk 1:19:02]}
Be7 {[%clk 1:12:39]} 12. Rc1 {[%clk 1:17:12]} Rc8 {[%clk 1:06:02]} 13. Bb1 {[%clk
1:13:04]} a6 {[%clk 1:01:55]} 14. Qd3 {[%clk 1:08:07]} g6 {[%clk 1:01:05]} 15.
Rfd1 {[%clk 1:05:55]} Qa5 {[%clk 0:54:46]} 16. Ne2 {[%clk 0:57:36]} Bg4 {[%clk
0:48:17]} 17. Ned4 {[%clk 0:49:24]} Qb6 {[%clk 0:45:49]} 18. Nxc6 {[%clk
0:43:09]} bxc6 {[%clk 0:40:12]} 19. Qd4 {[%clk 0:40:50]} c5 {[%clk 0:32:39]} 20.
Qd2 {[%clk 0:23:52]} Rfd8 {[%clk 0:30:56]} 21. h3 {[%clk 0:21:25]} Ne4 {[%clk
0:26:40]} 22. Bxe7 {[%clk 0:14:54]} Nxd2 {[%clk 0:26:24]} 23. Bxd8 {[%clk
0:15:07]} Qxd8 {[%clk 0:20:42]} 24. Rxd2 {[%clk 0:14:52]} Bxf3 {[%clk 0:21:05]}
25. gxf3 {[%clk 0:15:17]} d4 {[%clk 0:20:34]} 26. f4 {[%clk 0:12:33]} Qa5 {[%clk
0:17:40]} 27. Rcd1 {[%clk 0:12:05]} dxe3 {[%clk 0:17:55]} 28. fxe3 {[%clk
0:12:31]} c4 {[%clk 0:18:17]} 29. Kf2 {[%clk 0:08:18]} Kg7 {[%clk 0:17:18]} 30.
Rd7 {[%clk 0:07:54]} Rb8 {[%clk 0:15:32]} 31. R7d2 {[%clk 0:07:51]} Qh5 {[%clk
0:15:18]} 32. Rh1 {[%clk 0:07:53]} Qh4+ {[%clk 0:15:29]} 33. Kf3 {[%clk 0:07:18]}
Qf6 {[%clk 0:15:27]} 34. Rd4 {[%clk 0:06:08]} Qe6 {[%clk 0:12:59]} 35. Rh2 {[%clk
0:05:31]} Re8 {[%clk 0:12:03]} 36. e4 {[%clk 0:05:50]} Qb6 {[%clk 0:11:07]} 37.
Rd1 {[%clk 0:05:09]} Rd8 {[%clk 0:10:28]} 38. Rc1 {[%clk 0:02:55]} Rd4 {[%clk
0:10:42]} 39. Re2 {[%clk 0:02:21]} Qd8 {[%clk 0:10:57]} 40. Rc3 {[%clk 0:31:19]}
Qh4 {[%clk 0:40:08]} 41. Rh2 {[%clk 0:30:32]} Rd1 {[%clk 0:39:37]} 0-1

[Event "European Women's Championship"]
[Site "Vysoke Tatry"]
[Date "2018.04.08"]
[Round "1"]
[White "Richterova, Natasa"]
[Black "Hoolt, Sarah"]
[Result "0-1"]
[Board "35"]
[WhiteElo "2181"]
[WhiteTitle "WIM"]
[WhiteCountry "CZE"]
[WhiteFideId "350591"]
[WhiteEloChange "-5"]
[BlackElo "2393"]
[BlackTitle "WGM"]
[BlackCountry "GER"]
[BlackFideId "24606812"]
[BlackEloChange "5"]

1. d4 {[%clk 1:30:45]} Nf6 {[%clk 1:30:52]} 2. Nf3 {[%clk 1:30:05]} e6 {[%clk
1:28:51]} 3. g3 {[%clk 1:30:04]} c5 {[%clk 1:27:46]} 4. Bg2 {[%clk 1:29:54]} Nc6
{[%clk 1:25:32]} 5. O-O {[%clk 1:29:04]} d5 {[%clk 1:22:33]} 6. c4 {[%clk
1:17:02]} cxd4 {[%clk 1:17:12]} 7. cxd5 {[%clk 1:15:37]} Nxd5 {[%clk 1:11:34]} 8.
Nxd4 {[%clk 1:15:49]} Be7 {[%clk 1:10:15]} 9. Nxc6 {[%clk 1:14:09]} bxc6 {[%clk
1:10:41]} 10. e4 {[%clk 1:12:50]} Nb4 {[%clk 0:57:09]} 11. Qxd8+ {[%clk 1:03:03]}
Bxd8 {[%clk 0:56:52]} 12. Nc3 {[%clk 0:48:08]} e5 {[%clk 0:45:05]} 13. Rd1 {[%clk
0:45:34]} Bg4 {[%clk 0:39:36]} 14. f3 {[%clk 0:43:59]} Bb6+ {[%clk 0:39:47]} 15.
Kh1 {[%clk 0:43:45]} Be6 {[%clk 0:35:13]} 16. a3 {[%clk 0:34:02]} Nc2 {[%clk
0:34:39]} 17. Rb1 {[%clk 0:34:18]} Bb3 {[%clk 0:33:21]} 18. f4 {[%clk 0:18:09]}
f6 {[%clk 0:31:39]} 19. fxe5 {[%clk 0:09:34]} fxe5 {[%clk 0:32:07]} 20. Bh3
{[%clk 0:08:32]} Nd4 {[%clk 0:26:34]} 21. Rf1 {[%clk 0:07:20]} Bc2 {[%clk
0:26:23]} 22. Ra1 {[%clk 0:07:28]} Nb3 {[%clk 0:26:36]} 23. Ra2 {[%clk 0:07:28]}
Rf8 {[%clk 0:23:08]} 24. Bf5 {[%clk 0:04:17]} g6 {[%clk 0:19:04]} 25. Bh6 {[%clk
0:04:42]} gxf5 {[%clk 0:19:16]} 26. Bxf8 {[%clk 0:04:58]} Kxf8 {[%clk 0:19:39]}
27. Rxf5+ {[%clk 0:05:25]} Kg8 {[%clk 0:18:57]} 28. Rxe5 {[%clk 0:05:02]} Rf8
{[%clk 0:15:40]} 29. Kg2 {[%clk 0:00:40]} Bd3 {[%clk 0:13:56]} 30. Rg5+ {[%clk
0:00:33]} Kh8 {[%clk 0:14:12]} 31. g4 {[%clk 0:00:35]} Bf1+ {[%clk 0:13:28]} 32.
Kh1 {[%clk 0:00:54]} Rf2 {[%clk 0:13:36]} 33. h4 {[%clk 0:00:44]} Bg2+ {[%clk
0:13:05]} 34. Kh2 {[%clk 0:01:06]} Bxe4+ {[%clk 0:12:52]} 35. Kg3 {[%clk
0:01:27]} Rf3+ {[%clk 0:10:07]} 36. Kh2 {[%clk 0:01:36]} Bd3 {[%clk 0:10:16]} 37.
a4 {[%clk 0:00:51]} Bf1 {[%clk 0:10:22]} 0-1

[Event "European Women's Championship"]
[Site "Vysoke Tatry"]
[Date "2018.04.08"]
[Round "1"]
[White "Mammadzada, Gunay"]
[Black "Mrvova, Alena"]
[Result "1-0"]
[Board "36"]
[WhiteElo "2392"]
[WhiteTitle "IM"]
[WhiteCountry "AZE"]
[WhiteFideId "13403729"]
[WhiteEloChange "5"]
[BlackElo "2179"]
[BlackTitle "WIM"]
[BlackCountry "SVK"]
[BlackFideId "14902036"]
[BlackEloChange "-5"]

1. e4 {[%clk 1:30:55]} c5 {[%clk 1:30:20]} 2. Nf3 {[%clk 1:31:18]} d6 {[%clk
1:30:20]} 3. d4 {[%clk 1:31:36]} cxd4 {[%clk 1:30:38]} 4. Nxd4 {[%clk 1:31:55]}
Nf6 {[%clk 1:30:52]} 5. Nc3 {[%clk 1:32:19]} a6 {[%clk 1:30:27]} 6. Be3 {[%clk
1:31:23]} e6 {[%clk 1:29:49]} 7. f3 {[%clk 1:29:08]} Be7 {[%clk 1:28:36]} 8. Qd2
{[%clk 1:29:07]} Qc7 {[%clk 1:25:02]} 9. O-O-O {[%clk 1:26:29]} O-O {[%clk
1:24:00]} 10. g4 {[%clk 1:25:01]} Nfd7 {[%clk 1:22:16]} 11. g5 {[%clk 1:22:25]}
Nc6 {[%clk 1:17:46]} 12. h4 {[%clk 1:15:35]} Nde5 {[%clk 1:13:34]} 13. f4 {[%clk
1:09:14]} Nxd4 {[%clk 1:09:33]} 14. Qxd4 {[%clk 1:09:07]} Nc6 {[%clk 1:04:42]}
15. Qb6 {[%clk 0:59:34]} Qb8 {[%clk 0:56:51]} 16. Bd2 {[%clk 0:51:33]} Bd8 {[%clk
0:53:15]} 17. Qg1 {[%clk 0:49:16]} b5 {[%clk 0:49:08]} 18. Be3 {[%clk 0:49:28]}
Qc7 {[%clk 0:42:09]} 19. Rh2 {[%clk 0:44:20]} Rb8 {[%clk 0:32:57]} 20. Kb1 {[%clk
0:41:33]} Re8 {[%clk 0:30:21]} 21. h5 {[%clk 0:40:02]} b4 {[%clk 0:22:31]} 22.
Na4 {[%clk 0:34:20]} Ne7 {[%clk 0:20:51]} 23. Rhd2 {[%clk 0:29:03]} Bd7 {[%clk
0:14:09]} 24. Nc5 {[%clk 0:27:42]} dxc5 {[%clk 0:13:07]} 25. Rxd7 {[%clk
0:28:06]} Qc6 {[%clk 0:12:24]} 26. g6 {[%clk 0:28:06]} hxg6 {[%clk 0:09:34]} 27.
R1d6 {[%clk 0:14:29]} Qxe4 {[%clk 0:07:53]} 28. Bd3 {[%clk 0:14:52]} Qf3 {[%clk
0:07:48]} 29. hxg6 {[%clk 0:15:11]} Nxg6 {[%clk 0:05:54]} 30. Rxf7 {[%clk
0:05:42]} Kxf7 {[%clk 0:05:33]} 31. Bxg6+ {[%clk 0:06:05]} Kf8 {[%clk 0:05:38]}
32. Bxe8 {[%clk 0:05:55]} Kxe8 {[%clk 0:04:31]} 33. Bxc5 {[%clk 0:02:22]} Qe4
{[%clk 0:02:20]} 34. Rd1 {[%clk 0:00:48]} Bf6 {[%clk 0:01:36]} 35. Re1 {[%clk
0:00:52]} Qf5 {[%clk 0:01:33]} 36. Bd6 {[%clk 0:00:37]} Rc8 {[%clk 0:01:54]} 37.
Qh2 {[%clk 0:01:02]} Kf7 {[%clk 0:01:48]} 38. Qg2 {[%clk 0:00:32]} Qd5 {[%clk
0:00:54]} 39. Qxd5 {[%clk 0:00:39]} exd5 {[%clk 0:01:19]} 40. Bxb4 {[%clk
0:31:04]} Rb8 {[%clk 0:31:05]} 41. c3 {[%clk 0:29:48]} d4 {[%clk 0:27:40]} 42.
Kc2 {[%clk 0:30:00]} Rh8 {[%clk 0:24:55]} 43. cxd4 {[%clk 0:26:03]} Bxd4 {[%clk
0:24:35]} 44. Bc3 {[%clk 0:25:48]} Bxc3 {[%clk 0:23:37]} 45. bxc3 {[%clk
0:25:22]} Rh4 {[%clk 0:23:02]} 46. Rf1 {[%clk 0:25:03]} Ke6 {[%clk 0:16:13]} 47.
Kb3 {[%clk 0:23:43]} Kd5 {[%clk 0:16:05]} 48. Rg1 {[%clk 0:18:37]} Rxf4 {[%clk
0:14:54]} 49. Rxg7 {[%clk 0:18:33]} Kc5 {[%clk 0:13:15]} 50. a4 {[%clk 0:17:20]}
Rf6 {[%clk 0:09:57]} 51. Rg5+ {[%clk 0:15:39]} Kb6 {[%clk 0:09:31]} 52. a5+
{[%clk 0:15:15]} Kc6 {[%clk 0:09:15]} 53. Kb4 {[%clk 0:15:30]} Rh6 {[%clk
0:08:23]} 54. Rg7 {[%clk 0:15:36]} Rh4+ {[%clk 0:05:11]} 55. c4 {[%clk 0:15:57]}
Rh1 {[%clk 0:05:14]} 56. Rg6+ {[%clk 0:15:30]} Kb7 {[%clk 0:05:39]} 57. Rb6+
{[%clk 0:15:38]} Ka7 {[%clk 0:06:06]} 58. Rd6 {[%clk 0:15:59]} Kb7 {[%clk
0:05:13]} 59. Kc5 {[%clk 0:15:14]} Ra1 {[%clk 0:04:12]} 60. Rd7+ {[%clk 0:11:31]}
Kc8 {[%clk 0:04:35]} 61. Rh7 {[%clk 0:11:18]} Rxa5+ {[%clk 0:04:08]} 62. Kc6
{[%clk 0:11:47]} Kb8 {[%clk 0:03:44]} 63. Kb6 {[%clk 0:12:08]} 1-0

[Event "European Women's Championship"]
[Site "Vysoke Tatry"]
[Date "2018.04.08"]
[Round "1"]
[White "Petrenko, Svetlana"]
[Black "Milliet, Sophie"]
[Result "1/2-1/2"]
[Board "37"]
[WhiteElo "2178"]
[WhiteTitle "IM"]
[WhiteCountry "MDA"]
[WhiteFideId "13900196"]
[WhiteEloChange "5"]
[BlackElo "2391"]
[BlackTitle "IM"]
[BlackCountry "FRA"]
[BlackFideId "623725"]
[BlackEloChange "-5"]

1. c4 {[%clk 1:30:57]} e5 {[%clk 1:30:41]} 2. Nc3 {[%clk 1:31:18]} d6 {[%clk
1:30:53]} 3. g3 {[%clk 1:30:49]} f5 {[%clk 1:31:11]} 4. Bg2 {[%clk 1:30:58]} Nf6
{[%clk 1:31:25]} 5. d3 {[%clk 1:29:16]} Be7 {[%clk 1:31:02]} 6. Nf3 {[%clk
1:25:35]} O-O {[%clk 1:29:04]} 7. O-O {[%clk 1:25:38]} c6 {[%clk 1:19:10]} 8. e4
{[%clk 1:22:40]} Kh8 {[%clk 1:06:59]} 9. Nh4 {[%clk 1:10:44]} fxe4 {[%clk
1:03:18]} 10. dxe4 {[%clk 1:11:02]} Bg4 {[%clk 1:03:38]} 11. Qc2 {[%clk 1:05:47]}
Qd7 {[%clk 0:46:16]} 12. f4 {[%clk 0:51:26]} exf4 {[%clk 0:41:28]} 13. Bxf4
{[%clk 0:50:57]} Qe6 {[%clk 0:41:20]} 14. b3 {[%clk 0:48:34]} Nbd7 {[%clk
0:41:19]} 15. Nf5 {[%clk 0:43:39]} Ne5 {[%clk 0:40:48]} 16. h3 {[%clk 0:32:47]}
Bh5 {[%clk 0:41:13]} 17. g4 {[%clk 0:32:13]} Bg6 {[%clk 0:41:04]} 18. Rad1 {[%clk
0:25:42]} h5 {[%clk 0:35:13]} 19. Nxe7 {[%clk 0:19:26]} Qxe7 {[%clk 0:35:40]} 20.
g5 {[%clk 0:19:42]} Nh7 {[%clk 0:17:54]} 21. Qd2 {[%clk 0:20:05]} Rad8 {[%clk
0:18:13]} 22. Qe3 {[%clk 0:17:19]} Rfe8 {[%clk 0:13:50]} 23. h4 {[%clk 0:17:19]}
a6 {[%clk 0:12:40]} 24. Qg3 {[%clk 0:15:23]} Nf8 {[%clk 0:12:41]} 25. c5 {[%clk
0:15:00]} Kg8 {[%clk 0:06:21]} 26. Bh3 {[%clk 0:09:41]} Bf7 {[%clk 0:06:44]} 27.
Rxd6 {[%clk 0:07:01]} Rxd6 {[%clk 0:06:00]} 28. Bxe5 {[%clk 0:06:36]} Rd3 {[%clk
0:02:58]} 29. Qxd3 {[%clk 0:06:57]} Qxe5 {[%clk 0:03:22]} 30. b4 {[%clk 0:05:40]}
Be6 {[%clk 0:02:17]} 31. Bxe6+ {[%clk 0:04:59]} Qxe6 {[%clk 0:02:43]} 32. Qf3
{[%clk 0:03:54]} Ng6 {[%clk 0:03:05]} 33. Qxh5 {[%clk 0:03:30]} Qe5 {[%clk
0:03:20]} 34. Rf3 {[%clk 0:02:41]} Rf8 {[%clk 0:01:41]} 35. Rxf8+ {[%clk
0:02:45]} Nxf8 {[%clk 0:02:06]} 36. Qf3 {[%clk 0:02:37]} Ng6 {[%clk 0:02:36]} 37.
Ne2 {[%clk 0:01:59]} Nxh4 {[%clk 0:02:13]} 38. Qf4 {[%clk 0:01:08]} Qxg5+ {[%clk
0:02:08]} 39. Qxg5 {[%clk 0:01:36]} Nf3+ {[%clk 0:02:35]} 40. Kf2 {[%clk
0:32:03]} Nxg5 {[%clk 0:32:59]} 41. Ke3 {[%clk 0:32:26]} Ne6 {[%clk 0:31:07]} 42.
Ng3 {[%clk 0:27:37]} Kf7 {[%clk 0:19:21]} 43. Nf5 {[%clk 0:27:28]} Kf6 {[%clk
0:19:23]} 44. Nd6 {[%clk 0:27:28]} Nd8 {[%clk 0:19:50]} 45. Kf4 {[%clk 0:27:20]}
Ne6+ {[%clk 0:20:10]} 46. Ke3 {[%clk 0:27:41]} Nd8 {[%clk 0:20:38]} 47. Kf4
{[%clk 0:27:52]} Ne6+ {[%clk 0:21:02]} 48. Ke3 {[%clk 0:27:58]} 1/2-1/2